000 01488nam2a22002411 4500
001 rc\2362144
005 20250622234922.0
035 _a(NLR Aleph) 006478479
090 _a6008702
_c6008702
100 _a20110829d1977 |||y0rusy50 ca
101 0 _arus
102 _aRU
105 _ay z |||||
200 1 _aПовышение экономической эффективности и улучшение планирования строительства
210 _d1977
_aБ. м.
215 _a[1], 318 с.
_d21
333 _aДСП. Экз. № 4
461 0 _1001rc\2362143
_12001#$aСборник докладов$e[1]-$fНауч.-техн. конф. "О мерах по улучшению качества и повышению экон. эффективности стр-ва в г. Москве"$v[1]. Секция
_97196485
_a"О мерах по улучшению качества и повышению экономической эффективности строительства в г. Москве", научно-техническая конференция (1977 ; Москва)
_cМосква
_d1977-
_fНауч.-техн. конф. "О мерах по улучшению качества и повышению экон. эффективности стр-ва в г. Москве"
_nБ. и.
_o[1]-
_tСборник докладов
_v[1]. Секция
801 0 _aRU
_bNLR
_gpsbo
801 1 _aRU
_bELAR
_2rusmarc
852 _aNLR
_j77-50к/214
942 _cBOOK
980 _aNB